Noordwes (Record no. 426098)

MARC details
000 -LEADER
fixed length control field 00243nam a2200097Ia 4500
082 ## - DEWEY DECIMAL CLASSIFICATION NUMBER
Classification number J 968.24 CADM
008 - FIXED-LENGTH DATA ELEMENTS--GENERAL INFORMATION
fixed length control field 210817s9999 xx 000 0 und d
100 ## - MAIN ENTRY--PERSONAL NAME
Personal name CADMAN, Mike Johannesburg, 2009
245 #0 - TITLE STATEMENT
Title Noordwes
942 ## - ADDED ENTRY ELEMENTS
item type Books

No items available.